Great Military Battles (Record no. 296595)

000 -LEADER
fixed length control field 00240 a2200109 4500
001 - CONTROL NUMBER
control field 61522
082 ## - DEWEY DECIMAL CLASSIFICATION NUMBER
Classification number 904.7 FAL
090 ## - LOCALLY ASSIGNED LC-TYPE CALL NUMBER (OCLC); LOCAL CALL NUMBER (RLIN)
-- 37068
-- 37068
100 ## - MAIN ENTRY--PERSONAL NAME
Personal name Cyrill Falls
245 ## - TITLE STATEMENT
Title Great Military Battles
Medium English
260 ## - PUBLICATION, DISTRIBUTION, ETC.
Name of publisher, distributor, etc. Weiden feld
942 ## - ADDED ENTRY ELEMENTS (KOHA)
Institution code [OBSOLETE] CAE NUST
Call number prefix 904.7 FAL
Holdings
Withdrawn status Lost status Damaged status Not for loan Collection code Permanent Location Current Location Date acquired Total Checkouts Full call number Barcode Date last seen Price effective from Koha item type
          College of Aeronautical Engineering (CAE) College of Aeronautical Engineering (CAE) 04/03/2017   904.7 FAL CAEG-6132 04/05/2017 04/05/2017 Book
© 2023 Central Library, National University of Sciences and Technology. All Rights Reserved.